BIBLIOTECA “JULIO CORTÁZAR”
ESCUELA AGROTÉCNICA “LIBERTADOR GENERAL SAN MARTÍN” - UNR – CASILDA

Logo Escuela Logo UNR

Reglamento de hándball : (Record no. 2114)

MARC details
000 -LEADER
campo de control de longitud fija 00944nam#a22002895a#4500
001 - NÚMERO DE CONTROL
campo de control 2114
008 - DATOS DE LONGITUD FIJA--INFORMACIÓN GENERAL
campo de control de longitud fija 130618s2013####ag#a###g######001#0#spa#d
020 ## - NÚMERO INTERNACIONAL ESTÁNDAR DEL LIBRO
Número Internacional Estándar del Libro 9789505312726
080 ## - NÚMERO DE LA CLASIFICACIÓN DECIMAL UNIVERSAL
Número de la Clasificación Decimal Universal 796.322(060.13)
084 ## - OTRO NÚMERO DE CLASIFICACIÓN
Número de clasificación R35
040 ## - FUENTE DE CATALOGACIÓN
Centro catalogador/agencia de origen AR-ClEAG
Centro/agencia transcriptor AR-ClEAG
005 - FECHA Y HORA DE LA ÚLTIMA TRANSACCIÓN
campo de control 20241107184734.0
003 - IDENTIFICADOR DE NÚMERO DE CONTROL
campo de control AR-ClEAG
110 2# - ENTRADA PRINCIPAL--NOMBRE DE ENTIDAD CORPORATIVA
Nombre de entidad corporativa o nombre de jurisdicción como elemento de entrada Confederación Argentina de Hándball,
Término indicativo de función/relación revisor.
Relación rev
245 10 - MENCIÓN DEL TÍTULO
Título Reglamento de hándball :
Resto del título 2012-2013 /
Mención de responsabilidad, etc. edición revisada y autorizada por la Confederación Argentina de Hándball y la Asociación Argentina de Árbitros de Balonmano.
250 ## - MENCION DE EDICION
Mención de edición 1ª ed.
260 ## - PUBLICACIÓN, DISTRIBUCIÓN, ETC.
Lugar de publicación, distribución, etc. Buenos Aires :
Nombre del editor, distribuidor, etc. Stadium,
Fecha de publicación, distribución, etc. 2013.
300 ## - DESCRIPCIÓN FÍSICA
Extensión 94 p. :
Otras características físicas il. byn. ;
Dimensiones 17 cm.
490 0# - MENCIÓN DE SERIE
Mención de serie Reglamentos ;
Designación de volumen o secuencia no. 5
653 ## - TÉRMINO DE INDIZACIÓN--NO CONTROLADO
Término no controlado Hándball
653 ## - TÉRMINO DE INDIZACIÓN--NO CONTROLADO
Término no controlado Reglamentos
653 ## - TÉRMINO DE INDIZACIÓN--NO CONTROLADO
Término no controlado Deporte
653 ## - TÉRMINO DE INDIZACIÓN--NO CONTROLADO
Término no controlado Juegos de pelota
653 ## - TÉRMINO DE INDIZACIÓN--NO CONTROLADO
Término no controlado Educación física
710 2# - ENTRADA AGREGADA--NOMBRE DE ENTIDAD CORPORATIVA
Nombre de entidad corporativa o nombre de jurisdicción como elemento de entrada Asociación Argentina de Árbitros de Balonmano,
Término indicativo de función/relación revisor.
Relación rev
942 ## - ELEMENTOS DE ENTRADA SECUNDARIOS (KOHA)
Tipo de ítem Koha Libros
980 ## - EQUIVALENCIA O REFERENCIA-CRUZADA-MENCIÓN DE SERIE--NOMBRE DE PERSONA/TÍTULO [LOCAL, CANADÁ]
Enlace 2
Nombre de persona Evangelina Gallicchio
Enlace entre campo y número de secuencia 2
Información miscelánea Evangelina Gallicchio
Holdings
Estatus retirado Estado de pérdida Fuente del sistema de clasificación o colocación Estado de daño No para préstamo Biblioteca de origen Biblioteca actual Ubicación en estantería Fecha de adquisición Número de inventario Total de préstamos Signatura topográfica completa Código de barras Visto por última vez Precio de reemplazo Tipo de ítem Koha
    Clasificación decimal universal     Julio Cortázar Julio Cortázar   07/11/2024 4040   R7 796.322(060.13) R35 Ej.1 4040 07/11/2024 07/11/2024 Libros

Contacto

Biblioteca Julio Cortázar. Escuela Agrotécnica "Libertador San Martín". Universidad Nacional de Rosario
Dirección: Ov. Lagos 1000 - 2170 Casilda - Santa Fe - Argentina
Tel: (54) (03464) 422226.
Fax: (54) (03464) 427789.
E-Mail: biblio-eac@unr.edu.ar